LEADER 00620nam0 2200229 450 001 000001420 005 20080618095845.0 100 $a20000517d1970----km-y0itay50------ba 101 1 $aita 102 $aIT 200 1 $aIstituzioni di matematica$fCarlo Miranda 210 $aNapoli$cLiguori editore$d1970 215 $a475 p.$d24 cm 451 0$1001000012132 610 1 $aMatematica 676 $a510 700 1$aMiranda,$bCarlo$01415 801 0$aIT$bUNIPARTHENOPE$gRICA$2UNIMARC 912 $a000001420 951 $cPIST$aP1 510-I/1$b17346$d20000710 996 $aIstituzioni di matematica$974407 997 $aUNIPARTHENOPE LEADER 00851cam0-2200289---450- 001 990004963830403321 005 20111206144527.0 035 $a000496383 035 $aFED01000496383 035 $a(Aleph)000496383FED01 035 $a000496383 100 $a19990604d1896----km-y0itay50------ba 101 0 $aita 102 $aIT 105 $ay-------001yy 200 1 $aDelle commedie di Antonfrancesco Grazzini detto il Lasca$fGiovanni Gentile 210 $aPisa$cTip. T. Nistri e C.$d1896 215 $a129 p.$d23 cm 676 $a852.4 700 1$aGentile,$bGiovanni$f<1875-1944>$0266892 801 0$aIT$bUNINA$gRICA$2UNIMARC 901 $aBK 912 $a990004963830403321 952 $aP.1 9I GENT 39$bFil. Mod. 33041$fFLFBC 959 $aFLFBC 996 $aDelle commedie di Antonfrancesco Grazzini detto il Lasca$9528418 997 $aUNINA